000
00346nam a2200169Ia 4500
100
_a
Salivahanan/S
650
_a
DSP
250
_a
2
942
_c
BK
366
_f
25
245
_a
Digital signal processing
260
_b
Tata Mc Graw hill Ltd.
_c
2010
082
_a
621.3822
_b
SAL
300
_a
923
546
_a
ENGLISH
_c
TTL
999
_c
24169
_d
24169